00472nam a22001337a 4500003000500000082001000005100002800015245008200043264003800125300002300163650005500186700004000241856005700281NUST a629.8 aSalman Sadiq ,Muhammad  aFast Marching Trees (FMT*) For Dynamic Motion PlanningcMuhammad Salman Sadiq aIslamabad: bSMME- NUST.c 2024.  bSoft Copy, c30cm. aMS Robotics and Intelligent Machine Engineering  aSupervisor: Dr. Khawaja Fahad Iqbal uhttp://10.250.8.41:8080/xmlui/handle/123456789/47997